Modern compiler implementation in Java / (Record no. 6912)

MARC details
000 -LEADER
fixed length control field 00687nam a22002057a 4500
003 - CONTROL NUMBER IDENTIFIER
control field OSt
005 - DATE AND TIME OF LATEST TRANSACTION
control field 20210508154746.0
008 - FIXED-LENGTH DATA ELEMENTS--GENERAL INFORMATION
fixed length control field 210508b ||||| |||| 00| 0 eng d
020 ## - INTERNATIONAL STANDARD BOOK NUMBER
International Standard Book Number 978011042867
040 ## - CATALOGING SOURCE
Transcribing agency DDC
082 ## - DEWEY DECIMAL CLASSIFICATION NUMBER
Edition number 005.45 APP 2004
100 ## - MAIN ENTRY--PERSONAL NAME
Personal name Appel, Andrew W.
9 (RLIN) 14177
245 ## - TITLE STATEMENT
Title Modern compiler implementation in Java /
Statement of responsibility, etc. Andrew W. Appel with Jens Palsberg.
250 ## - EDITION STATEMENT
Edition statement 2nd ed.
260 ## - PUBLICATION, DISTRIBUTION, ETC. (IMPRINT)
Place of publication, distribution, etc. New York :
Name of publisher, distributor, etc. Cambridge University Press
Date of publication, distribution, etc. 2002.
300 ## - PHYSICAL DESCRIPTION
Extent x, 501 p. : .
Other physical details ill. ;
Dimensions 24 cm
504 ## - BIBLIOGRAPHY, ETC. NOTE
Bibliography, etc Includes bibliographical references (p. 487-494) and index.
650 ## - SUBJECT ADDED ENTRY--TOPICAL TERM
Topical term or geographic name as entry element Compilers (Computer programs) Java (Computer program language)
9 (RLIN) 14178
942 ## - ADDED ENTRY ELEMENTS (KOHA)
Source of classification or shelving scheme Other/Generic Classification Scheme
Koha item type Book
Holdings
Withdrawn status Lost status Source of classification or shelving scheme Damaged status Not for loan Home library Current library Date acquired Source of acquisition Inventory number Total Checkouts Full call number Barcode Date last seen Price effective from Koha item type Public note
    Other/Generic Classification Scheme     MUST Main Library MUST Main Library 08/05/2021 Purchase 21/41406   005.45 APP2004 2021-0487 08/05/2021 08/05/2021 Book Material in Hard copy